| 000 | 00772nam a2200217 i 4500 | ||
|---|---|---|---|
| 001 | 156796 | ||
| 003 | ES-MaACL | ||
| 005 | 20231227062553.0 | ||
| 008 | 981126s1870 sp |||| | spa d | ||
| 080 | _a34(729.5) | ||
| 100 | 1 |
_aLabra, Rafael M. de, _d1840-1918 _969273 |
|
| 245 | 1 | 3 |
_aLa cuestión de Puerto-Rico / _cpor Rafael M. de Labra. |
| 260 |
_aMadrid : _b[s.n.], _c1870 ( _fImp. a cargo de J.E. Morete) |
||
| 300 |
_a119 p. ; _c23 cm. |
||
| 594 | _aPrecede al tít.: Cuestiones de Ultramar. | ||
| 650 | 4 |
_aDerecho colonial- _zPuerto Rico. _9141891 |
|
| 740 | 3 | 2 | _aLa cuestión de Puerto Rico. |
| 852 | 4 |
_aES-MaACL _jT-119-F-7 _z- Enc. hol., falto de cub. original _z- Enc. en un vol. facticio |
|
| 852 | 4 |
_aES-MaACL _jT-617-F-4 |
|
| 999 |
_c156796 _d156796 |
||